| Tag |
First Indicator |
Second Indicator |
Subfields |
| LEADER |
00000cam a2200000 a 4500 |
| 001 |
in00000073787 |
| 005 |
20151008054713.0 |
| 008 |
790503s1978 miuab b 00010 eng d |
| 035 |
|
|
|a (OCoLC)04922727
|
| 035 |
|
|
|9 AAJ1436AM
|
| 040 |
|
|
|a UIU
|c UIU
|d m.c.
|d TXA
|d UtOrBLW
|
| 043 |
|
|
|a n-us---
|
| 049 |
|
|
|a TXAM
|c [1271962]
|
| 090 |
|
|
|a HQ1064.U5
|b B7
|
| 092 |
|
|
|a 301.435
|b B813w
|
| 100 |
1 |
|
|a Brown, Jane.
|
| 245 |
1 |
0 |
|a Writing about the elderly :
|b facts, sources and background material for the journalist /
|c by Jane Brown, Susan Haas and John Stevens.
|
| 264 |
|
1 |
|a Ann Arbor, Mich. :
|b Howard R. Marsh Center for the Study of Journalistic Performance :
|b Available from the Institute of Gerontology,
|c 1978.
|
| 300 |
|
|
|a 18 unnumbered pages :
|b illustrations, maps ;
|c 28 cm.
|
| 336 |
|
|
|a text
|b txt
|2 rdacontent
|
| 337 |
|
|
|a unmediated
|b n
|2 rdamedia
|
| 338 |
|
|
|a volume
|b nc
|2 rdacarrier
|
| 504 |
|
|
|a Includes bibliographies.
|
| 650 |
|
0 |
|a Older people
|z United States.
|
| 999 |
|
|
|a MARS
|
| 999 |
f |
f |
|s 733fe2f0-c8db-3fe0-8ea0-0d86b99b419c
|i 22d91921-695d-3b76-b573-5d102559127e
|t 0
|
| 952 |
f |
f |
|p ric
|a Texas A&M University
|b Rellis Campus
|c Joint Library Facility
|d Remote Storage
|t 0
|e HQ1064.U5 B7
|h Library of Congress classification
|i unmediated -- volume
|m A14806142899
|
| 998 |
f |
f |
|a HQ1064.U5 B7
|t 0
|l Remote Storage
|